Statistics for Name a Valid Canadian Prime Minister

Click here to take the quiz!

General Stats

  • This quiz has been taken 41 times
  • The average score is 9 of 15

Answer Stats

Name a prime minister who…Answers% Correct
served as PM for more than 10 cumulative yearsMackenzie King | John Macdonald | Pierre Trudeau | Wilfrid Laurier | Jean Chretien
91%
was not born in CanadaAlexander Mackenzie | John Macdonald | Mackenzie Bowell | John Turner
89%
was knightedJohn Macdonald | Alexander Mackenzie | John Abbott | John Thompson | Mackenzie Bowell | Charles Tupper | Wilfrid Laurier | Robert Borden
89%
was femaleKim Campbell
89%
represented (while PM) a riding outside of Quebec or OntarioJohn Thompson | Robert Borden | Arthur Meighen | Mackenzie King | R. B. Bennett | John Diefenbaker | Joe Clark | Kim Campbell | Stephen Harper
83%
could only speak EnglishAlexander Mackenzie | John Abbott | John Thompson | Mackenzie Bowell | Arthur Meighen | John Diefenbaker | Lester Pearson
71%
did not have a university educationJohn Macdonald | Alexander Mackenzie | Robert Borden
66%
was unmarried for their entire tenure as PMMackenzie Bowell | Mackenzie King | R.B. Bennett | Kim Campbell
54%
lost their own riding at a federal electionMackenzie King | Arthur Meighen | Kim Campbell
54%
did not sit in Parliament while PMJohn Macdonald | Charles Tupper | John Turner
49%
served as PM aged under 40Joe Clark
43%
served in the military in WWIJohn Diefenbaker | Lester Pearson
43%
won a Nobel PrizeLester Pearson
40%
had a medical degreeCharles Tupper
29%
was elevated to the British peerageR. B. Bennett
23%

Score Distribution

Percentile by Number Answered

Percent of People with Each Score

Your Score History

You have not taken this quiz